Reporting foir the print media / (Record no. 158064)

MARC details
000 -LEADER
fixed length control field 00547nam a22001817a 4500
005 - DATE AND TIME OF LATEST TRANSACTION
control field 20181015121512.0
010 ## - LCCN (DPL NO)
LC control number ENG-124280
020 ## - INTERNATIONAL STANDARD BOOK NUMBER
Terms of availability 100.00
International Standard Book Number 9789381899601
035 ## - SYSTEM CONTROL NUMBER
System control number EN-107812
037 ## - SOURCE OF ACQUISITION
Source of stock number/acquisition DBAD/PUB
082 ## - DEWEY DECIMAL CLASSIFICATION NUMBER
Classification number 070.43
100 ## - MAIN ENTRY--PERSONAL NAME
Personal name Ghanta, Chandra Shekhar
245 ## - TITLE STATEMENT
Title Reporting foir the print media /
Statement of responsibility, etc by Chandra Shekhar Ghanta
260 ## - PUBLICATION, DISTRIBUTION, ETC. (IMPRINT)
Place of publication, distribution, etc Chennai
Name of publisher, distributor, etc Shakthi Pathippagam
Date of publication, distribution, etc 2013
270 ## - ADDRESS
Address 12, Ann Street, Chitlapakkam,
City Chennai
Postal code 600064
300 ## - PHYSICAL DESCRIPTION
Extent 163p.
Dimensions 21cm(pbk)
942 ## - ADDED ENTRY ELEMENTS (KOHA)
Source of classification or shelving scheme Dewey Decimal Classification
Item type English Books
Call number suffix GHA
Classification part 070.43
Holdings
Withdrawn status Lost status Not for loan Collection code Home library Current library Date acquired Source of acquisition Cost, normal purchase price Full call number Barcode Copy number Cost, replacement price Koha item type
    Not For Loan Non-fiction D.B.Act.Division Bawana 15/10/2018 DBAD/PUB 100.00 070.43 GHA EN-107812 1 100.00 English Books

© Delhi Public Library
Hit Counter
free hit counter